Logo

Description automatically generated
विद्यार्जन
 संसाधन केंद्र, भारतीय प्रौद्योगिकी संस्थान इन्दौर
Learning Resource Center, Indian Institute of Technology Indore

ऑनलाइन सार्वजनिक अभिगम प्रसूची
Online Public Access Catalogue (OPAC)

Career essential : a practical guide to building a strong foundation for professional growth (Record no. 57064)

MARC details
000 -LEADER
fixed length control field 00604nam a2200205Ia 4500
005 - DATE AND TIME OF LATEST TRANSACTION
control field 20260603120908.0
008 - FIXED-LENGTH DATA ELEMENTS--GENERAL INFORMATION
fixed length control field 260603s9999||||xx |||||||||||||| ||und||
020 ## - INTERNATIONAL STANDARD BOOK NUMBER
International Standard Book Number 9798895565513
020 ## - INTERNATIONAL STANDARD BOOK NUMBER
Qualifying information pbk
082 ## - DEWEY DECIMAL CLASSIFICATION NUMBER
Classification number 650.1
Item number MAH
100 ## - MAIN ENTRY--PERSONAL NAME
Personal name Maheshwari, Rahul
245 #0 - TITLE STATEMENT
Title Career essential : a practical guide to building a strong foundation for professional growth
260 ## - PUBLICATION, DISTRIBUTION, ETC.
Place of publication, distribution, etc. Chennai
Name of publisher, distributor, etc. Notion Press
Date of publication, distribution, etc. 2024
300 ## - PHYSICAL DESCRIPTION
Extent 211p. ; 21cm.
653 ## - INDEX TERM--UNCONTROLLED
Uncontrolled term Career development
653 ## - INDEX TERM--UNCONTROLLED
Uncontrolled term Employability and career success
653 ## - INDEX TERM--UNCONTROLLED
Uncontrolled term Professional growth
653 ## - INDEX TERM--UNCONTROLLED
Uncontrolled term Workplace skills
942 ## - ADDED ENTRY ELEMENTS (KOHA)
Koha item type Book
Holdings
Withdrawn status Lost status Damaged status Not for loan Home library Current library Shelving location Date acquired Source of acquisition Total Checkouts Full call number Barcode Checked out Date last seen Date last checked out Price effective from Koha item type
        LRC, IIT Indore LRC, IIT Indore 2nd Floor - General Stack 03/06/2026 Gratis Book Price: INR 399.00 1 650.1 MAH G2837 20/07/2026 16/06/2026 16/06/2026 03/06/2026 Book
Copyright © 2017-2026 Indian Institute of Technology Indore. All Rights Reserved.
Managed & maintained by Learning Resource Center, IIT Indore